| 000 -LEADER |
| fixed length control field |
00568cam a22001337a 4500 |
| 008 - FIXED-LENGTH DATA ELEMENTS--GENERAL INFORMATION |
| fixed length control field |
180718b1983 xxu||||| |||| 00| 0 eng d |
| 082 ## - DEWEY DECIMAL CLASSIFICATION NUMBER |
| Classification number |
XAx54 In2R |
| 100 ## - MAIN ENTRY--PERSONAL NAME |
| Personal name |
India. Planning Commission |
| 245 ## - TITLE STATEMENT |
| Title |
Task forces on housing and urban development |
| 260 ## - PUBLICATION, DISTRIBUTION, ETC. |
| Place of publication, distribution, etc. |
New Delhi |
| Name of publisher, distributor, etc. |
Planning Commission |
| Date of publication, distribution, etc. |
1983 |
| 300 ## - PHYSICAL DESCRIPTION |
| Extent |
4 parts |
| 500 ## - GENERAL NOTE |
| General note |
Contents: Pt.1. Planning of urban development. 351p.;Pt.2. Financing of urban development. 98p.;Pt.3. Management of urban development. 37p.;Pt.4. Shelter for the urban poor and slum improvement. 122p. |
| 650 ## - SUBJECT ADDED ENTRY--TOPICAL TERM |
| Topical term or geographic name entry element |
Urban development |